00741nam a2200253 a 4500001001300000003000900013005001700022008004100039020001000080082001800090100002000108245003700128260003600165300000900201500003500210650002700245650002300272650002300295700002000318902000800338942000700346952011900353999001500472nice12345678IN_TiNIC20260116012455.0070716s1990 lona grp 000 0 eng  ac69200a297.1977bCHO aCho;udhury, G W aIslam and the Contemporary World aLondonbIndus Thames Pub.c1990 a227p aincludes index and biblioraphy aIslam-Reinterpretation aIslam and Politics aIslam-Meccan Trade1 aCho;udhury, G W bSRS cBK 001040708StackRoom-aHMIbHMId2007-07-16g692.00l0o297.1977 CHOp014187r2007-07-16v692.00w2007-07-16yBK c7155d7155